Vamandika na vanyankhwave (Record no. 756290)
[ view plain ]
| 000 -LEADER | |
|---|---|
| fixed length control field | 00463nam a2200169Ia 4500 |
| 003 - CONTROL NUMBER IDENTIFIER | |
| control field | 3228 |
| 005 - DATE AND TIME OF LATEST TRANSACTION | |
| control field | 20230815121506.0 |
| 008 - FIXED-LENGTH DATA ELEMENTS--GENERAL INFORMATION | |
| fixed length control field | 220630s9999 xx 000 0 und d |
| 020 ## - INTERNATIONAL STANDARD BOOK NUMBER | |
| International Standard Book Number | 9780796007216 |
| Qualifying information | Paperback |
| 040 ## - CATALOGING SOURCE | |
| Original cataloging agency | RDA |
| Transcribing agency | 3228 |
| 082 ## - DEWEY DECIMAL CLASSIFICATION NUMBER | |
| Classification number | TSO 893.2049633 MAL |
| 100 ## - MAIN ENTRY--PERSONAL NAME | |
| Personal name | Maluleke S .S |
| 9 (RLIN) | 156045 |
| 245 #0 - TITLE STATEMENT | |
| Title | Vamandika na vanyankhwave |
| 260 ## - PUBLICATION, DISTRIBUTION, ETC. | |
| Place of publication, distribution, etc. | Pietermaritzburg |
| Name of publisher, distributor, etc. | Shuter&Shooter publishers |
| Date of publication, distribution, etc. | 1995 |
| 300 ## - PHYSICAL DESCRIPTION | |
| Extent | 86 pages |
| Dimensions | 20 cm |
| 942 ## - ADDED ENTRY ELEMENTS | |
| item type | Books |
| Source of classification or shelving scheme | Dewey Decimal Classification |
| -- | 163 |
| -- | Khulile Ngwenya |
| -- | 163 |
| -- | Khulile Ngwenya |
| Withdrawn status | Lost status | Source of classification or shelving scheme | Damaged status | Not for loan | Collection code | Home library | Current library | Shelving location | Date acquired | Total Checkouts | Full call number | Barcode | Date last seen | Price effective from | item type |
|---|---|---|---|---|---|---|---|---|---|---|---|---|---|---|---|
| Dewey Decimal Classification | 800: Literature | LYDENBURG REGIONAL LIBRARY | Thulamahashe | Fiction | 15.08.2023 | TSO 893.2049633 MAL | 33228031025895 | 15.08.2023 | 15.08.2023 | Books | |||||
| Dewey Decimal Classification | Vukuzakhe (do not use) | Vukuzakhe (do not use) | General Stacks | 30.01.2026 | TSO 893.2049633 MAL | 3300410029516 | 30.01.2026 | Book |